000 00522nam a2200193 a 4500
001 1772625971871
003 YourLibrary
005 20260304173724.0
008 260304s2004##################000#0#eng##
020 _a9780333981207
082 0 4 _a327.4104
_bGED
100 1 _aGeddes, Andrew,
_eauthor.
245 1 0 _aThe European Union and British Politics :
260 _bPalgrave Macmillan,
_c2004.
300 _a240 pages
650 0 _aPolitical Science.
942 _cENGLISH
040 _aYourLibrary
_beng
_cYourLibrary
999 _c616907
_d616907